Policing racist crime and violence : a comparative analysis / preparadet by Robin Oakley
Record details
- ISBN: 92-95008-92-8
- Physical Description: 51 s.
- Publisher: Luxembourg : Office for official publications of the European communities, 2006
Search for related items by subject
| Subject: | Evropské monitorovací centrum rasismu a xenofobie policie rasové trestné činy |
Available copies
- 2 of 2 copies available at Common Catalog SPOK.
Holds
- 0 current holds with 2 total copies.
Show Only Available Copies
| Location | Call Number / Copy Notes | Barcode | Shelving Location | Status | Due Date |
|---|---|---|---|---|---|
| Varianty | Cho Oa | 4605400588 | Šafaříkova 17 - 5. patro, chodba | Available | - |
| Varianty | Cho Oa | 4605400590 | Šafaříkova 17 - 5. patro, chodba | Available | - |
| LDR | 00791cam a22002177a 4500 | ||
|---|---|---|---|
| 001 | 31793 | ||
| 003 | CZ-PrJAB | ||
| 005 | 20190512074342.0 | ||
| 008 | 060424s2006 lu ||||| |||||||| ||eng d | ||
| 020 | . | ‡a92-95008-92-8 | |
| 035 | . | ‡a(CZ PrSKC)000452417 | |
| 040 | . | ‡aBOD010 ‡bcze ‡dBOD114 | |
| 080 | . | ‡a323.14 ‡2MRF | |
| 100 | 1 | . | ‡aOakley, Robin ‡4edt |
| 245 | 1 | 0. | ‡aPolicing racist crime and violence : ‡ba comparative analysis / ‡cpreparadet by Robin Oakley |
| 260 | . | ‡aLuxembourg : ‡bOffice for official publications of the European communities, ‡c2006 | |
| 300 | . | ‡a51 s. | |
| 610 | 2 | 4. | ‡aEvropské monitorovací centrum rasismu a xenofobie |
| 650 | 0 | 7. | ‡apolicie ‡7ph124228 ‡2czenas |
| 650 | 0 | 7. | ‡arasové trestné činy ‡7ph280658 ‡2czenas |
| 910 | . | ‡aABH006 | |
| 901 | . | ‡a31793 ‡b ‡c31793 ‡tbiblio | |